000 00970nam a2200217 i 4500
001 46929
003 ES-MaACL
005 20230906161454.0
007 t|
008 030402s1822 sp ||||1| spa d
110 2 _aConfederación de Comuneros Españoles.
_9168257
245 1 0 _aConstitución de la Confederación de los Caballeros Comuneros
_b: y Reglamento para el gobierno interior de las fortalezas, torres y castillos de todas las merindades de España.
260 _aMadrid :
_b[s.n.],
_c1822 (
_fImp. del Imparcial)
300 _a[2], III p., [1] en bl., 49 p., [1] en bl. ;
_c22 cm.
530 _aDisponible en formato digital.
597 _aSignaturizado.
597 _aNotas a pie de página.
740 0 _aReglamento para el gobierno interior de las fortalezas , torres y castillos de todas las merindades de España.
852 _aES-MaACL
_jFol-Laf-384
856 _uhttp://bdh-rd.bne.es/viewer.vm?id=0000113040&page=1
_zBiblioteca Digital Hispánica
999 _c46929
_d46929